Online
Catalog

Actas del II coloquio hispano-marroquí de ciencias históricas, historia, ciencia y sociedad /. (Record no. 41767)

MARC details
000 -CABECERA
campo de control de longitud fija 00751nam a2200193 a 4500
001 - NÚMERO DE CONTROL
campo de control 000042278
005 - FECHA Y HORA DE LA ÚLTIMA TRANSACCIÓN
campo de control 20201002040041.0
008 - DATOS DE LONGITUD FIJA--INFORMACIÓN GENERAL
campo de control de longitud fija 131122s1992 sp r 000 0 spa d
020 ## - NÚMERO INTERNACIONAL ESTÁNDAR DEL LIBRO
Número Internacional Estándar del Libro 8472326330
040 ## - FUENTE DE LA CATALOGACIÓN
Centro catalogador/agencia de origen DO-SdBNP
Lengua de catalogación spa
Centro/agencia transcriptor BNPHU
082 ## - NÚMERO DE LA CLASIFICACIÓN DECIMAL DEWEY
Número de clasificación xxxx
Número de documento/Ítem xxxx
111 2# - ENTRADA PRINCIPAL--NOMBRE DE CONGRESO/REUNIÓN
Nombre de congreso/reunión o jurisdicción como elemento de entrada Coloquio hispano-marroquí de ciencias históricas
Número del congreso/reunión o número de parte o sección (2º.
Fecha del congreso/reunión 1989 : 6-10 nov.
Sede del congreso/Lugar de la reunión Granada)
9 (RLIN) 69317
245 10 - MENCIÓN DE TÍTULO
Título Actas del II coloquio hispano-marroquí de ciencias históricas, historia, ciencia y sociedad /.
260 ## - PUBLICACIÓN, DISTRIBUCIÓN, ETC.
Lugar de publicación, distribución, etc. Madrid :
Nombre del editor, distribuidor, etc. Instituto de Cooperacion con el Mundo Arabe,
Fecha de publicación, distribución, etc. 1992.
300 ## - DESCRIPCIÓN FÍSICA
Extensión 381, 181 p. ;
Dimensiones 24 cm.
504 ## - NOTA DE BIBLIOGRAFÍA, ETC.
Nota de bibliografía, etc. Incluye referencias bilbiográficas y notas al pie de las páginas
546 ## - NOTA DE LENGUA/LENGUAJE
Nota de lengua/lenguaje español, arabe, Francés
590 ## - NOTA LOCAL (RLIN)
Nota local Inventariado, 2019/BT
Holdings
Estado de retiro Estado de pérdida Restricciones de uso No para préstamo Código de colección Localización permanente Ubicación/localización actual Ubicación en estantería Fecha de adquisición Número de inventario Total de préstamos Signatura topográfica completa Código de barras Fecha visto por última vez Precio válido a partir de Tipo de ítem Koha
      Excluido de préstamo Monografías: Libros y Folletos General General Depósito 22.11.2013 LF1   xxxx xxxx 42278-10 25.06.2020 25.06.2020 No se presta

Powered by Koha